The story of manu/ (Record no. 96421)

MARC details
000 -LEADER
fixed length control field 00897nam a22002297a 4500
005 - DATE AND TIME OF LATEST TRANSACTION
control field 20170726101728.0
010 ## - LCCN (DPL NO)
LC control number 1516EN07 ENG-119394
020 ## - INTERNATIONAL STANDARD BOOK NUMBER
International Standard Book Number 9780674427822
Terms of availability 395.00
035 ## - SYSTEM CONTROL NUMBER
System control number B-604017-029
035 ## - SYSTEM CONTROL NUMBER
System control number EN-102926
035 ## - SYSTEM CONTROL NUMBER
System control number B-667425
037 ## - SOURCE OF ACQUISITION
Stock number dpl
Source of stock number/acquisition Aakar/Ven
082 ## - DEWEY DECIMAL CLASSIFICATION NUMBER
Classification number 894.82712
082 ## - DEWEY DECIMAL CLASSIFICATION NUMBER
Classification number 875
100 ## - MAIN ENTRY--PERSONAL NAME
Personal name Peddana, Allasani
245 ## - TITLE STATEMENT
Title The story of manu/
Statement of responsibility, etc by Allasani Peddana
260 ## - PUBLICATION, DISTRIBUTION, ETC. (IMPRINT)
Place of publication, distribution, etc London
Name of publisher, distributor, etc Murty Classical Library of India
Date of publication, distribution, etc 2015
300 ## - PHYSICAL DESCRIPTION
Extent 602p.
Dimensions 19cm(pbk)
942 ## - ADDED ENTRY ELEMENTS (KOHA)
Source of classification or shelving scheme Dewey Decimal Classification
Item type English Books
Classification part 875
Call number suffix PED
Holdings
Withdrawn status Lost status Not for loan Collection code Home library Current library Date acquired Source of acquisition Cost, normal purchase price Full call number Barcode Copy number Cost, replacement price Koha item type
      Non-fiction Ashok Vihar Ashok Vihar 21/07/2017 BPPD/EN/2015-16/AV/16-17/386/15.2.2017/I-3330/1.3.2017/ 17.3.2017 395.00 894.82712 PED B-667425 1 395.00 English Books
      Non-fiction Bawana Bawana 15/06/2016 I-1184/25.9.2015/109/16.9.2015/15.10.2015 395.00 894.82712 PED B-604028 1 395.00 English Books
      Non-fiction Central Library Central Library 15/06/2016 I-1184/25.9.2015/109/16.9.2015/15.10.2015 395.00 894.82712 PED B-604018 1 395.00 English Books
    Not For Loan Reference Central Library Central Library 15/06/2016 I-1184/25.9.2015/109/16.9.2015/15.10.2015 395.00 894.82712 PED B-604019 1 395.00 English Books
      Non-fiction Janak Puri Janak Puri 15/06/2016 I-1184/25.9.2015/109/16.9.2015/15.10.2015 395.00 894.82712 PED B-604024 1 395.00 English Books
      Non-fiction Karol Bagh Karol Bagh 15/06/2016 I-1184/25.9.2015/109/16.9.2015/15.10.2015 395.00 894.82712 PED B-604026 1 395.00 English Books
      Non-fiction Kasturba Gandhi Marg Kasturba Gandhi Marg 15/06/2016 I-1184/25.9.2015/109/16.9.2015/15.10.2015 395.00 894.82712 PED B-604021 1 395.00 English Books
      Non-fiction Narela Narela 15/06/2016 I-1184/25.9.2015/109/16.9.2015/15.10.2015 395.00 894.82712 PED B-604027 1 395.00 English Books
      Non-fiction Patel Nagar Patel Nagar 15/06/2016 I-1184/25.9.2015/109/16.9.2015/15.10.2015 395.00 894.82712 PED B-604020 1 395.00 English Books
      Non-fiction Patel Nagar Patel Nagar 26/07/2017 DBAD/PUB 395.00 875 PED EN-102926 1 395.00 English Books
      Non-fiction Peshwa Road Peshwa Road 15/06/2016 I-1184/25.9.2015/109/16.9.2015/15.10.2015 395.00 894.82712 PED B-604022 1 395.00 English Books
      Non-fiction Sarojini Nagar Sarojini Nagar 15/06/2016 I-1184/25.9.2015/109/16.9.2015/15.10.2015 395.00 894.82712 PED B-604025 1 395.00 English Books
      Non-fiction Shahdara Branch Shahdara Branch 15/06/2016 I-1184/25.9.2015/109/16.9.2015/15.10.2015 395.00 894.82712 PED B-604029 1 395.00 English Books
      Non-fiction Tri Nagar Tri Nagar 15/06/2016 I-1184/25.9.2015/109/16.9.2015/15.10.2015 395.00 894.82712 PED B-604023 1 395.00 English Books

© Delhi Public Library
Hit Counter
free hit counter